01408 a2200205 45000010006000000050017000060080041000230030015000640400040000790800053001192450123001720200022002952640043003173000019003605050673003790410008010521000023010607000020010838560099011036068620260407155858.0260407a2010 arg spa dAR-UNSa-BCEJYS aAR-UNSa-BCEJYSbspacAR-UNSa-BCEJYS a316.35xGrupos sociales. Organizaciones sociales10aDonde hay una necesidad, nace una organizaciónpSurgimiento y transformaciones de las asociaciones populares urbanas a978-987-1599-36-3 1aBuenos Aires :bEdiciones CICCUSc2010 a269 p.c22 cm. a1. De la periferia al centro: La organización social en las comunidades suburbanas / Javier Bráncoli - 2. Las organizaciones territoriales y el proceso histórico de urbanización e industrialización en el área metropolitana / Maria José Espagnol y Andrea Echevearria – 3. Origen y conformación de las organizaciones comunitarias de base territorial / Bárbara Ohanin, Lucrecia D´Amato, Javier Bráncoli, Paola Lavandera y Carolina Maglioni – 4. Caracterización de las organizaciones / Paola Lavandera y Carolina Maglioni – 5. Las organizaciones Comunitarias y su vínculo con el Estado / Melina Mezzini, Bárbara Labecki y Javier Bráncoli aspa1 aBráncoli, Javier1 aVallone, Miguel41uhttps://www.biblioeco.unsa.edu.ar/pmb/images/libros/L129310.jpgyImagen de portadaqimage/jpeg